Szczegóły MARC21

Prawo handlowe : część ogólna /

003 -Nazwa inst., której nr kontr. jest w polu 001 [,]
    • @
    • Nazwa instytucji, której n kontrolny jest w polu 001
    • NUKAT
005 -DATA I CZAS OSTATNIEJ MODYFIKACJI [,]
    • @
    • pole kontrolne
    • 20241231090754.0
020 -Międzynarod. znormalizowany nr książki - ISBN [ , ]
    • a
    • Numer ISBN
    • 9788325510732 Find
040 -Instytucja sporządzająca opis [ , ]
    • a
    • Instytucja, która sporządziła opis (NP)
    • WR U/PAd
    • c
    • Instytucja, która sporządziła rekord (NP)
    • WR U/ml
    • d
    • Instytucja, która zmodyfikowała rekord (P)
    • WR U/jm
    • d
    • Instytucja, która zmodyfikowała rekord (P)
    • WA U/91IOs
    • d
    • Instytucja, która zmodyfikowała rekord (P)
    • KR 7/AK
942 -Rodzaj dokumentu [ , ]
    • c
    • Rodzaj dokumentu
    • Książka
245 -Strefa tytułu i oznaczenia odpowiedzialności [0,0]
    • a
    • Tytuł
    • Prawo handlowe : Find
    • b
    • Ciąg dalszy tytułu (NP)
    • część ogólna / Find
    • c
    • Pozostałe elementy strefy tytułu i oznaczenia odpowiedzialności (NP)
    • pod red. Stanisława Włodyki ; aut.: Małgorzata Bednarek [et al.].
250 -Strefa wydania [ , ]
    • a
    • Oznaczenie wydania (NP)
    • Stan prawny na 1.10.2009 r.
260 -Strefa adresu wydawniczego [ , ]
    • a
    • Miejsce wydania (P)
    • Warszawa :
    • b
    • Nazwa wydawcy (P)
    • Wydawnictwo C. H. Beck ;
    • a
    • Miejsce wydania (P)
    • Kraków :
    • b
    • Nazwa wydawcy (P)
    • we współpr. z Instytutem Prawa Spółek i Inwestycji Zagranicznych,
    • c
    • Data wydania (P)
    • 2009.
300 -Strefa opisu fizycznego [ , ]
    • a
    • Określenie formy książki i/lub objętość (NP)
    • XXV, [1], 1114 s. ;
    • c
    • Format (NP)
    • 25 cm.
336 -Typ zawartości [ , ]
    • a
    • Termin opisujący typ zawartości
    • Tekst
    • b
    • Kod określający zawartość
    • txt
    • 2
    • Źródło (terminu i kodu)
    • rdacontent
337 -Typ mediów [ , ]
    • a
    • Tryb odtwarzania
    • Bez urządzenia pośredniczącego
    • b
    • Kod typu mediów
    • n
    • 2
    • Źródło (terminu i kodu)
    • rdamedia
338 -Typ/rodzaj nośnika [ , ]
    • a
    • Hasło opisujące typ nośnika
    • Wolumin
    • b
    • Kod typu nośnika
    • nc
    • 2
    • Źródło (terminu i kodu)
    • rdacarrier
490 -Strefa serii i książki wielotomowej - forma nie do wyszukiwania [1, ]
    • a
    • Tytuł (P)
    • System Prawa Handlowego ; Find
    • v
    • Numeracja (P)
    • t. 1
830 -Hasło dodatkowe serii i opisu książki wielotomowej - tytuł ujednolicony/tytuł [ ,0]
    • a
    • Tytuł ujednolicony/tytuł (NP)
    • System Prawa Handlowego
    • v
    • Oznaczenie tomu (NP)
    • t. 1
    • 9
    • KHW
    • 7763
500 -Uwaga ogólna [ , ]
    • a
    • Uwaga ogólna (NP)
    • Oznaczenie stanu prawnego w przedm.
504 -Uwaga dot. bibliogr. załącznikowej [ , ]
    • a
    • Uwaga dot. bibliografii załącznikowej
    • Bibliogr. przy rozdz. Indeks.
080 -Uniwersalna Klasyfikacja Dziesiętna [ , ]
    • 2
    • Identyfikator wydania tablic
    • UDC-P058
    • 9
    • UKD
    • 3548
    • a
    • Symbol klasyfikacji
    • 347.7
    • b
    • Dopowiedzenie
    • Prawo handlowe. Prawo spółek.
    • 4
    • UKD2
    • 7642
    • x
    • Poddział wspólny
    • (438)
    • c
    • Dopowiedzenie poddz. wspólnego
    • (Polska).
    • 4
    • UKD2
    • 7992
    • x
    • Poddział wspólny
    • "1989/..."
    • c
    • Dopowiedzenie poddz. wspólnego
    • Od 1989.
    • 4
    • UKD2
    • 7665
    • x
    • Poddział wspólny
    • (075.8)
    • c
    • Dopowiedzenie poddz. wspólnego
    • (Podręczniki dla szkół wyższych. Skrypty).
650 -Hasło przedmiotowe [ ,7]
    • a
    • Hasło przedmiotowe
    • Prawo handlowe.
    • 2
    • Źródło terminu
    • kaba
    • 9
    • KHW
    • 125769
650 -Hasło przedmiotowe [ ,7]
    • a
    • Hasło przedmiotowe
    • Prawo handlowe
    • z
    • Określnik geograficzny
    • Polska
    • y
    • Określnik chronologiczny
    • 1990-.
    • 2
    • Źródło terminu
    • kaba
    • 9
    • KHW
    • 369214
980 -Symbol UKD [ , ]
    • a
    • UKD
    • 347.7(438)"1989/..."(075.8)
700 -Hasło dodatkowe - nazwa osobowa [1, ]
    • a
    • Nazwa osobowa (NP)
    • Włodyka, Stanisław Find
    • d
    • Daty biograficzne (NP)
    • (1924-2014).
    • e
    • Określenie rodzaju współpracy
    • Red.
    • 9
    • KHW
    • 43936
700 -Hasło dodatkowe - nazwa osobowa [1, ]
    • a
    • Nazwa osobowa (NP)
    • Bednarek, Małgorzata Find
    • d
    • Daty biograficzne (NP)
    • (1961- ).
    • 9
    • KHW
    • 53290
710 -Hasło dodatkowe - nazwa ciała zbiorowego [2, ]
    • a
    • Nazwa ciała zbiorowego lub nazwa geograficzna jako pierwszy element (NP)
    • Wydawnictwo C.H. Beck.
    • 4
    • Kod relacji
    • pbl
    • 9
    • KHW
    • 52679
920 -ISBN [ , ]
    • a
    • ISBN
    • 978-83-255-1073-2 Find
Lokalizacja Data inwentaryzacji Status udost. Numer inwentarzowy Sygnatura Obwoluta
BE2013-01-30-2E.74464 1
BSA2009-11-061SA.18008SA.180081